000 00555nam a2200181Ia 4500
008 090123s9999 xx 000 0 und d
082 _b13252
100 _aराजाध्यक्ष विजया
245 _aअकल्पित
250 _a1
260 _bप्रपंच प्रकाशन
_c1976
300 _a166
600 _aराजाध्यक्ष विजया
630 _aअकल्पित
700 _aराजाध्यक्ष विजया
730 _aअकल्पित
942 _cBOOK
999 _c51315
_d51315